| 000 | 01366nam a2200361 c 4500 | ||
|---|---|---|---|
| 999 |
_c47704 _d47704 |
||
| 003 | BLK | ||
| 005 | 20240316125602.0 | ||
| 008 | 180408b bul|||||r ||||||| ||bul|| | ||
| 010 | _aKNG00051516000 | ||
| 020 | _a978-954-383-087-9 | ||
| 040 | _aBLK | ||
| 041 |
_aBUL _cBUL |
||
| 072 | 7 |
_2bullib _aН92 _xИстория Н |
|
| 080 |
_aИстория на Втората световна война (1939-1945) _b94(100)"1939/1945" _z94(100)"1939/1945" |
||
| 100 | 1 |
_aКалонкин, Марин Нанков _eпърви автор _9257235 |
|
| 139 |
_aКалонкин, Марин Нанков _bК 18 |
||
| 245 | 1 | 0 |
_aВтората световна война _bИстини и неистини _cМарин Нанков Калонкин. |
| 257 | _aBGR | ||
| 260 |
_bАСКОНИ-ИЗДАТ _c2015 _fТроян : печ. на Воен. М-во |
||
| 300 |
_a213 с. _bс ил., табл. _c22 см |
||
| 380 | _a9 | ||
| 500 | _aБиблиогр. с. 203-204. | ||
| 650 | 4 |
_aВтора световна война _9266732 |
|
| 653 | _aВтора световна война | ||
| 659 | _aН | ||
| 852 | _aЦб 279069 | ||
| 856 | 4 | _qpdf | |
| 856 | 4 | _qpdf | |
| 942 |
_cKNG _n0 _04 _s1 |
||
| 944 |
_aCR _c25.01.2016 _lЦветомила Тодорова _k30576 |
||
| 944 |
_aED _c11.04.2016 _lф / _kВиолета_Тройчева |
||
| 999 | _d47704 | ||